Statistiques concernant Nommez une Lune Valide - Système Solaire

Cliquez ici pour prendre le quiz!

Statistiques générales

  • Ce quiz a été pris 1 147 fois
  • Le résultat moyen est 3 sur 10

Statistiques - réponses

Parent#Réponses possibles% Correct
Terre1Lune
100%
Jupiter79Io | Europe | Ganymède | Callisto | Amalthée | Himalia | Élara | Pasiphaé | Sinopé | Lysithée | Carmé | Ananké | Léda | Thébé | Adrastée | Métis | Callirrhoé | Thémisto | Megaclite | Taygète | Chaldéné | Harpalycé | Calycé | Jocaste | Érinomé | Isonoe | Praxidiké | Autonoé | Thyone | Hermippé | Aitné | Eurydome | Euanthé | Euporie | Orthosie | Spondé | Calé | Pasithée | Hégémone | Mnémé | Aédé | Thelxinoé | Arche | Callichore | Helicé | Carpo | Eukéladé | Cyllène | Coré | Hersé | Dia | Eiréné | Philophrosyne | Euphémé | Valétudo | Pandia | Ersa
55%
Saturne82Mimas | Encelade | Téthys | Dioné | Rhéa | Titan | Hypérion | Japet | Phœbé | Janus | Épiméthée | Hélène | Télesto | Calypso | Atlas | Prométhée | Pandore | Pan | Ymir | Paaliaq | Tarvos | Ijiraq | Suttungr | Kiviuq | Mundilfari | Albiorix | Skathi | Erriapus | Siarnaq | Thrymr | Narvi | Méthone | Pallène | Polydeuces | Daphnis | Aegir | Bebhionn | Bergelmir | Bestla | Farbauti | Fenrir | Fornjot | Hati | Hyrrokkin | Kari | Loge | Skoll | Surtur | Anthée | Jarnsaxa | Greip | Tarqeq | Égéon
44%
Mars2Phobos | Déimos
33%
Pluton5Charon | Nyx | Hydre | Kerbéros | Styx
23%
Neptune14Triton | Néréide | Naïade | Thalassa | Despina | Galatée | Larissa | Protée | Halimède | Psamathée | Sao | Laomédie | Néso | Hippocampe
18%
Uranus27Ariel | Umbriel | Titania | Obéron | Miranda | Cordélia | Ophélie | Bianca | Cressida | Desdémone | Juliette | Portia | Rosalinde | Bélinda | Puck | Caliban | Sycorax | Prospero | Setebos | Stephano | Trinculo | Francisco | Margaret | Ferdinand | Perdita | Mab | Cupid
16%
Éris1Dysnomie
4%
Hauméa2Hiʻiaka | Namaka
4%
Makémaké1MK2
3%

Distribution des résultats

Percentile par nombre de réponses

% des personnes avec chaque résultat

Votre développement - résultats

Vous n’avez pas pris ce quiz